00620nasaa22002177a 4500003000400000005001700004008004100021022001400062022002200076040000800098245008000106260003300186300001300219310002900232650002100261650003700282700001500319856004200334942001100376999001500387IIN20260313123728.0260313c2019 |||ar|j| |||| 00| 0eng d a2664-9187 aE-ISSN: 2664-9195 aIIN aInternational Journal of Nursing and Health Sciences /cedited by Anu Gauba aDelhibSparkling Pressc2019 aVol. 1 - aAnnualbJanuary-December aNursingvJournal aHealth SciencevJournalxNursing aGauba, Anu uhttps://www.doi.org/10.33545/26649187 cSERs1 c1890d1890